Name That Canadian Politician - Statistics

General Stats
  • This quiz has been taken 32 times
  • The average score is 14 of 20
Answer Stats
Picture Answer % Correct
Justin Trudeau
100%
Pierre Trudeau
100%
Jagmeet Singh
97%
Stephen Harper
93%
Elizabeth May
90%
Jean Chretien
90%
Pierre Poilievre
90%
Brian Mulroney
80%
John A. MacDonald
80%
Jack Layton
73%
William Lyon Mackenzie King
73%
Andrew Scheer
70%
Yves-Francois Blanchet
67%
John Diefenbaker
63%
Tom Mulcair
63%
Gilles Duceppe
50%
Michael Ignatieff
50%
Robert Borden
43%
Stephane Dion
37%
Stockwell Day
33%
No matching quizzes found
Score Distribution
Percent of People with Each Score
Percentile by Number Answered
Your Score History
You have not taken this quiz